000 01870nam a22003497a 4500
999 _c372653
_d372653
003 BLK
005 20240912125650.0
008 200702b bu ||||| |||| 00| 0 bu d
020 _a978-619-7386-43-1
040 _aBLK
041 _aBUL
_cBUL
080 _aОсновни форми на възпитание и образование
_b37.018
_z37.018
080 _aПсихология на детската възраст. Интелектуално развитие на децата. Психически особености. Детски представи, описани в разкази
_b159.922.7
_z159.922.7
100 _91299
_aРьориг, Корин
_eпърви автор
139 _aРьориг, Корин
_bР 98
245 _aПомогнете на детето си да развие своята самоувереност!
_bИзслушвайте, разбирайте, окуражавайте.
_cКорин Рьориг ; ил. Ванеса Робиду ; прев. [от фр. ез.] Камелия Иванова
257 _aFRA
260 _9216689
_aСофия
_bКлевър Бук
_c2019
_n978-954-9749-
300 _a79 с
_bс цв. ил
_c21 см
380 _a3
490 _9486198
_aЕфективният родител
_xC634-8009
500 _aБез сведение за ориг. загл. - Биогр. данни за авт. отбелязани на гърба на кор.
650 0 _9263959
_aСемейно възпитание
653 7 _9184832
_aдетска психология
700 _9599
_aРобиду, Ванеса
_eил.
700 _91177
_aИванова, Камелия Тошкова
_eпрев. от фр.
852 _aЦб 300272
_bЦб
856 _i0.00
_ldisable
942 _cKNG
_n0
_s1
_04
944 _aCR
_c2020-07-02
_k30564
_lГалина Якимова
999 _d372653